000032071 001__ 32071
000032071 005__ 20160204081714.0
000032071 037__ $$aTAZ-TFG-2015-609
000032071 041__ $$aspa
000032071 1001_ $$aRuiz Sánchez, Blanca Irina
000032071 24500 $$aPrograma de educación y actividad física para la prevención de suicidios en personas mayores de 65 años con depresión mayor
000032071 260__ $$aZaragoza$$bUniversidad de Zaragoza$$c2015
000032071 506__ $$aby-nc-sa$$bCreative Commons$$c3.0$$uhttp://creativecommons.org/licenses/by-nc-sa/3.0/
000032071 520__ $$aINTRODUCCIÓN La depresión, que constituye el trastorno afectivo más frecuente a nivel Europeo, engloba una gran cantidad de problemas de salud mental que se caracterizan principalmente por sentimientos de tristeza y perdida de interés o de la capacidad de disfrutar de las actividades placenteras. Se trata de una síndrome con múltiples factores de riesgo que tiene una mayor incidencia en las personas mayores y que multiplica por cuatro el riesgo de suicidio. OBJETIVO Elaborar un programa de educación de educación y actividad física para la prevención de suicidios en personas mayores de 65 años con depresión mayor con el fin de facilitar la comprensión de la enfermedad y mejorar el estado de animo del individuo. METODOLOGIA Se ha realizado una búsqueda bibliográfica en múltiples bases de datos tanto nocionales como internacionales donde se recogen los principales artículos y programas sobre depresión mayor y prevención de suicidios. Este programa tendrá una duración aproximada de 6 meses y para poderlo llevar a cabo es necesario trabajar en Atención primaria (CS Jaca) así como la colaboración de la enfermera de salud mental y de un profesional de la actividad física, yoga y relajación. CONCLUSIÓN Múltiples estudios i muestran evidencias sobre los beneficios de la terapia cognitivo-conductual y que el ejercicio físico en personas con puede mejorar el estado anímico en individuos con depresión mayor diagnosticada pudiendo así disminuir el riesgo de suicidio.
000032071 521__ $$aGraduado en Enfermería
000032071 540__ $$aDerechos regulados por licencia Creative Commons
000032071 700__ $$aMuro Baquero, Carmen Magdalena$$edir.
000032071 7102_ $$aUniversidad de Zaragoza$$bFisiatría y Enfermería$$c
000032071 8560_ $$f647815@celes.unizar.es
000032071 8564_ $$s1418263$$uhttps://zaguan.unizar.es/record/32071/files/TAZ-TFG-2015-609.pdf$$yMemoria (spa)
000032071 909CO $$ooai:zaguan.unizar.es:32071$$pdriver$$ptrabajos-fin-grado
000032071 950__ $$a
000032071 951__ $$adeposita:2015-10-08
000032071 980__ $$aTAZ$$bTFG$$cEUCS